| 000 | 00690nam a2200169 a 4500 | ||
|---|---|---|---|
| 001 | 000027456 | ||
| 005 | 20240228184147.0 | ||
| 008 | 110331s1996 dr a 000 0 spa d | ||
| 040 |
_aDO-SdBNP _bspa _cBNPHU |
||
| 082 |
_axxxx _bV145c |
||
| 100 | 1 |
_aValdez Albizu, Héctor, _d1947- _912322 |
|
| 245 | 1 | 0 |
_aCrecimiento con estabilidad : _buna propuesta para el desarrollo / _cHéctor Valdez Albizu,. |
| 260 |
_aSanto Domingo : _bBanco Central de la República Dominicana, _c1996. |
||
| 300 |
_a25 p : _bgraf. ; _c29 cm. |
||
| 500 | _aDisertación ofrecida ante al Cámara America de Comercio de la República Dominicana por el gobernador del Banco Central, Héctor Valdez Albizu | ||
| 049 | _aBNPD | ||
| 999 |
_c26948 _d26948 |
||